Películas de terror en emojis (Parte 1) - Estadísticas

Estadísticas generales
  • Esta prueba ha sido intentada 423 veces
  • La puntuación promedio es 8 de 20
Estadísticas de respuestas
Imagen Respuesta % Correcto
It / Eso
94%
Scream
83%
REC
63%
Psicosis
62%
El exorcista
60%
El resplandor
50%
El aro / La llamada
44%
Poltergeist
42%
Serpientes en el avión / Serpientes a bordo
41%
El conjuro / The Conjuring
38%
Candyman
33%
Pesadilla en la calle Elm / Pesadilla en Elm Street
33%
El sexto sentido / Sexto sentido
27%
La bruja
26%
El silencio de los corderos / El silencio de los inocentes
25%
Get Out / Huye / Déjame salir
25%
Señales
24%
Un lugar tranquilo / Un lugar en silencio
23%
Cloverfield / Monstruoso
11%
La aldea / El bosque
5%
No se encontraron pruebas coincidentes
Distribución de puntuación
Porcentaje de gente con cada puntuación
Porcentaje por número respondido
Historial de tus puntuaciones
No has intentado esta prueba.